| 000 | 00759nam0a22002531 4500 | ||
|---|---|---|---|
| 001 | rc\4021700 | ||
| 005 | 20250611061156.0 | ||
| 021 |
_aRU _b[5544355] |
||
| 035 | _a(NLR Aleph) 008086924 | ||
| 090 |
_a9159132 _c9159132 |
||
| 100 | _a20130415d1955 |||y0rusy50 ca | ||
| 101 | 0 | _arus | |
| 102 | _aRU | ||
| 105 | _aa z ||||| | ||
| 200 | 1 | _aЧто надо знать о детском параличе (полиомиэлите) | |
| 210 |
_a[Москва] _cМедгиз _d1955 |
||
| 215 |
_a11 с. _cил. _d20 |
||
| 606 |
_aПолиомиэлит _2psbo |
||
| 700 | 1 |
_aГанзбург _bС.Э. _gСемен Эммануилович |
|
| 801 | 0 |
_aRU _bNLR _gpsbo |
|
| 801 | 1 |
_aRU _bELAR _2rusmarc |
|
| 852 |
_aNLR _jМд96 Г-4/2587 |
||
| 942 | _cBOOK | ||
| 980 | _aNB | ||